HIGH COURT CRIMINAL SESSION NO.659 OF 1970 Uganda Vs Constanti Kamba (Record no. 6748)
[ view plain ]
| 000 -LEADER | |
|---|---|
| fixed length control field | 00396nam a22000977a 4500 |
| 008 - FIXED-LENGTH DATA ELEMENTS--GENERAL INFORMATION | |
| fixed length control field | 150625b xxu||||| |||| 00| 0 eng d |
| 010 ## - LIBRARY OF CONGRESS CONTROL NUMBER | |
| Field link and sequence number | HCCRS ARF:007 |
| 245 ## - TITLE STATEMENT | |
| Title | HIGH COURT CRIMINAL SESSION NO.659 OF 1970 Uganda Vs Constanti Kamba |
| 260 ## - PUBLICATION, DISTRIBUTION, ETC. (IMPRINT) | |
| Place of publication, distribution, etc | High Court Kampala |
| 500 ## - GENERAL NOTE | |
| Materials specified | (Original criminal case no. MS.142/70 of the Chief Magistrate's Court of Soroti at Soroti Before-J.De'Mello Esq.,Gr.1 Mag,) |
| Withdrawn status | Lost status | Source of classification or shelving scheme | Damaged status | Koha normalized classification for sorting | Not for loan | Location (home branch) | Sublocation or collection (holding branch) | Shelving location | Date acquired | Koha issues (times borrowed) | Koha full call number | Piece designation (barcode) | Koha date last seen | Price effective from | Koha item type |
|---|---|---|---|---|---|---|---|---|---|---|---|---|---|---|---|
| Dewey Decimal Classification | HCCRS_ARF007 | Archives | Archives | Archives | 06/25/2015 | HCCRS ARF:007 | 1081/2015 | 06/25/2015 | 06/25/2015 | Un Reported Cases | |||||
| Dewey Decimal Classification | HCCRS_ARF007 | Archives | Archives | Archives | 06/25/2015 | HCCRS ARF:007 | 1082/2015 | 06/25/2015 | 06/25/2015 | Un Reported Cases |
